000 00571nam a22002297a 4500
003 UA-OsUOA
001 87078
007 ta
008 20120914b un ||||| |||| 00| 0 ukr d
100 _aМанн Т.
090 _a821.161.1
_bМ23
942 _cBK
040 _aUA-OsUOA
_brus
_cUA-OsUOA
_dUA-OsUOA
245 _aПисьма
_cС. К. Апт
300 _a464 с.
955 _a3
041 _arus
080 _a821.161.1
260 _aМ.
_bНаука
_c1975
650 7 _a82 Література. Літературознавство
_2UDC
999 _c373370
_d373370